| 000 | 00470nam a2200169Ia 4500 | ||
|---|---|---|---|
| 008 | 160114s9999 xx 000 0 und d | ||
| 020 | _a0-590462954 | ||
| 050 | _a793.73 | ||
| 050 | _b.M393i 2003 | ||
| 100 | _aMarzollo, Jean. | ||
| 245 |
_aI spy fantasy : _ba book of picture riddles / _cJean Marzollo. |
||
| 260 |
_aNew York : _bScholastic Inc. _c1994 |
||
| 300 | _a37 pages; | ||
| 440 | _aI Spy | ||
| 650 | _aPicture puzzles -- | ||
| 650 | _xJuvenile literature. | ||
| 999 |
_c290319 _d290319 |
||